000
00261nam a22001097a 4500
008
170117b xxu||||| |||| 00| 0 eng d
020
_a
9780781774765
041
_a
eng
080
_2
5TH
_a
618.2
245
_a
FUNDAMENTALS OF NURSING
_c
JOHNSON, J.Y
942
_2
udc
_c
BK
999
_c
3010
_d
3010